| 000 | 00762nas a2200241Ia 4500 | ||
|---|---|---|---|
| 001 | R012/42606 | ||
| 003 | IT-RoPAU | ||
| 008 | 151124c99999999xx |||||||||||| ||und|| | ||
| 040 | _aIT-RoPAU | ||
| 040 | _cIT-RoPAU | ||
| 041 | _aITALIANO | ||
| 100 |
_aRoth Joseph _gCodice Aut. SPICS: 21374 |
||
| 210 | _aCINEMA & CINEMA | ||
| 222 | _aCinema & Cinema | ||
| 245 |
_aCINEMA & CINEMA, ANNO 13-N.45 (GIUGNO 1986) _bConversione di un Peccatore All'Ufa-Palast di Berlino |
||
| 250 | _a1a ed. | ||
| 260 |
_aMILANO _bINTRAPRESA _c1986 |
||
| 501 |
_bPaulus - SPICS - Società San Paolo EM (non-commercial uses only) _cCopyright2015 |
||
| 300 | _a1 p. [3-3] | ||
| 362 | _aANNO 013, N.45 (GIUGNO 1986) | ||
| 650 |
_aCINEMA _vPUBBLICAZIONE PERIODICA |
||
| 942 | _cCR | ||
| 999 |
_c132891 _d132891 |
||